El recurso de casación
Guardat en:
| Autor principal: | |
|---|---|
| Format: | Llibre |
| Idioma: | espanyol |
| Publicat: |
Santiago
Legal Publishing Chile
2010
|
| Edició: | 1a. ed |
| Col·lecció: | Colección Derecho y Proceso
|
| Matèries: | |
| Etiquetes: |
Afegir etiqueta
Sense etiquetes, Sigues el primer a etiquetar aquest registre!
|
MARC
| LEADER | 00000nam a2200000 a 4500 | ||
|---|---|---|---|
| 001 | UCG4682 | ||
| 003 | CL-VaPUC | ||
| 008 | 101118e20100000CL |||||||||||||||||spa|d | ||
| 020 | |a 9789562389204 | ||
| 082 | 0 | 4 | |a 347.077 |b NIE |2 21 |
| 100 | |a Nieva Fenoll, Jordi |e autor |9 417 | ||
| 245 | 1 | 3 | |a El recurso de casación |
| 250 | |a 1a. ed | ||
| 300 | |a 155 p | ||
| 942 | |c BK | ||
| 945 | |d 20101118 00:00:00 |a mfarfan | ||
| 260 | |a Santiago |b Legal Publishing Chile |c 2010 | ||
| 650 | 0 | |a Recurso de casación |9 258890 | |
| 583 | |a last modification |c 20101118 00:00:00 |k Rodrigo Vera | ||
| 490 | 0 | |a Colección Derecho y Proceso | |
| 999 | |c 343350 |d 343348 | ||
| 952 | |0 0 |1 0 |4 0 |6 347_077000000000000_NIE_2010 |7 0 |8 A |9 440590 |a BIBDER |b BIBDER |d 2019-11-22 |i 4735625 |o 347.077 NIE 2010 |p 4735625 |r 2023-01-25 |w 2019-11-22 |y BK |k DER | ||